00501nam a2200157Ia 4500003000900000008004100009020001800050040001600068080001500084100001400099245010900113260005300222300001000275650004100285650001700326IN-BaIIA211028s9999 xx 000 0 eng d a2-85367-098-8 cIIA Library a523.9bROM aRomani, L 0aLa naissance du systeme solaire (in French)cL. Romani  aParisbLibrairie Scientifique Et Techniquec1983 a141p. aAstronomy and astrophysics Thesaurus aSolar system